02944cam a22003138i 4500999001500000006001900015007001500034008004100049020002700090040001200117040001200129041000800141082001400149245010800163260005400271300002300325490005100348520194500399650003102344650006402375700002702439700002602466830004502492852000702537856005402544904001202598905001302610942000702623 c3043d3043m o d cr |||||||||||230518s2024 enk ob 001 0 eng  a9781003316657q(ebook) aKObeng aKObeng0 aeng00a387.122300aPort systems in global competition :bspatial-economic perspectives on the co-development of seaports / aAbingdon, Oxon ; New York, NY :bRoutledge,c2024 a1 online resource.1 aRoutledge Studies in Transport Analysis Series a"In a world where most international trade is carried by sea, each port can be seen as a unique chokepoint competing to attract ever more traffic and economic activities. However, ports can also be seen as parts of a wider system, which can be defined as a system of two or more ports located in proximity within a given area. Their fate and governance is jointly influenced when belonging to the same region, country, or transnational space. Investments, shocks, innovations, and delays occurring in one port often affect other ports within a certain spatial range and time lapse. Further understanding of such co-developments in port systems is necessary to go beyond local specificities, through a multidisciplinary and multi-level contribution. Port Systems in Global Competition is an answer to the strong and urgent need for reviewing the relevant theories, concepts, methods, and sources that can be mobilized for the analysis of port systems. With contributions from reputable scholars coming from no less than 11 countries in Europe, Asia, and North America, this book delves into the analysis of port systems from diverse disciplinary angles (geography, regional science, economics, management, engineering, and mathematics/computer sciences), and covering innovative empirical approaches to various port systems in the world. The theoretical and empirical knowledge can support and enhance decision-making in relation with the development of ports, supply chains, and transport networks in general. This book is an ideal companion to academics and upper-level students interested in the analysis of transport and economic systems in general, as well as the effective ways to answer complex issues in transportation and socio-economic development. It will be a valuable resource for those researching or studying transportation and supply chains, maritime and port economics, as well as regional development and human geography"-- 0aHarborsxEconomic aspects. 7aBUSINESS & ECONOMICS / Industries / Transportation2bisacsh1 aDucruet, César,eedt1 aNotteboom, Theo,eedt 0aRoutledge studies in transport analysis. aKO40uhttps://www.taylorfrancis.com/books/9781003316657 aRUDRA_R aR_RANJAN cEB